Argentina en la historia de américa latina (1776-1930) /
Guardado en:
| Autor Principal: | |
|---|---|
| Otros Autores: | , , |
| Formato: | Libro |
| Publicado: |
Buenos Aires :
A-z,
2007
|
| Series: | Serie Plata
|
| Materias: | |
| Etiquetas: |
Agregar Etiqueta
Sin Etiquetas, Sea el primero en etiquetar este registro!
|
| LEADER | 01211nam a22002535a 4500 | ||
|---|---|---|---|
| 001 | CEM.cems013260 | ||
| 005 | 20100218093832.0 | ||
| 008 | 130507s2007##################000#0#####d | ||
| 003 | CEMS | ||
| 020 | |a 9789505348978 | ||
| 082 | 0 | 4 | |a 980 |
| 100 | 1 | |a Bulacio, Julio | |
| 245 | 1 | 0 | |a Argentina en la historia de américa latina (1776-1930) / |c Coordinado Por Julio Bulacio y Patricia Moglia |
| 260 | |a Buenos Aires : |b A-z, |c 2007 | ||
| 300 | |a 416 p. | ||
| 490 | 0 | |a Serie Plata | |
| 505 | 0 | |a Crisis y rebelión en el orden colonial -- Crisis del orden social y revolución -- Orden social y construcción conflictiva de nuevas repúblicas -- Imperio y orden neocolonial en América Latina -- Orden social capitalista: su centro de expansión en América -- Crisis en el orden social, acciones colectivas y proyectos en pugna -- Guerra y acciones colectivas: un orden social vulnerable -- Un orden social inestable: postguerra, crisis y salidas políticas | |
| 653 | |a Historia | ||
| 653 | |a América latina-historia | ||
| 653 | |a Historia argentina-1776-1930 | ||
| 700 | 1 | |a Moglia, Patricia, coord. | |
| 700 | 1 | |a Dino, Marta | |
| 700 | 1 | |a Cao, Guillermo | |
| 859 | |a CEMS |b BIB. CEMS - 11 de abril |h 980 |i B87 |p 25755.09 |t Ej.1 | ||
